000 00542nam a2200169Ia 4500
008 090201s9999 xx 000 0 und d
010 _aKPL-16649
040 _bमराठी
041 _aमराठी
082 _a40882
_b16649
100 _aसुमन भडभडे
245 _aइथे बहर भाव फुलला
_cसुमन भडभडे
260 _c2004
_bविजय प्रकाशन
300 _a132
_bमोठा
600 _aइथे बहर भाव फुलला
942 _cBOOK
999 _c238110
_d238110